Name all Bad Bunny's albums by most popular song - Statistics

General Stats
  • This quiz has been taken 158 times
  • The average score is 5 of 6
Answer Stats
Song Album % Correct
Callaita Un Verano Sin Ti
95%
La Cáncion (with J Balvin) Oasis (with J Balvin)
91%
Dákiti (with Jhayco) El Último Tour Del Mundo
85%
Mia (with Drake) X100PRE
79%
Safaera (with Jowell & Randy, Ñengo Flow) YHLQMDLG
77%
Cómo Se Siente (Remix) Las Que No Iban A Salir
71%
No matching quizzes found
Score Distribution
Percent of People with Each Score
Percentile by Number Answered
Your Score History
You have not taken this quiz